| 000 | 03232cam a2200169 a 4500 | ||
|---|---|---|---|
| 999 |
_c2706 _d2706 |
||
| 020 | _a0521620546 (hardback) | ||
| 020 | _a0521629543 (pbk.) | ||
| 050 | 0 | 0 |
_aHD2326 _b.A657 |
| 245 | 0 | 0 |
_aApplied industrial economics / _cedited by Louis Phlips. |
| 260 |
_aCambridge, U.K. ; _aNew York : _bCambridge University Press, _c1998. |
||
| 300 |
_axi, 443 p. : _bill. ; _c26 cm. |
||
| 500 | _aIncludes Index. | ||
| 505 | _a Game theory and industry studies : an introductory overview / John Sutton -- Game-theoretic models of market concentration : sunk costs and market structure : a review article / Richard Schmalensee -- Expanding markets : capacity expansion in the titanium dioxide industry / Pankaj Ghemawat -- Declining markets : the devolution of declining industries / Pankaj Ghemawat and Barry Nalebuff -- Empirical evidence : exit from declining industries : 'shakeout' or 'stakeout'? / Marvin B. Lieberman -- Intertemporal pricing schemes : experimental tests of consciously parallel behaviour in oligopoly / Ronald Harstad, Stephen Martin and Hans-Theo Normann -- Spatial pricing schemes : on the strategic choice of spatial price policy / Jacques-François Thisse and Xavier Vives -- Best-price policies : facilitating practices : the effects of advance notice and best-price policies / Charles A. Holt and David T. Scheffman -- Vertical pricing schemes : vertical restraints and producers' competition / Patrick Rey and Joseph Stiglitz -- Price discrimination in a common market : international price discrimination in the European car market / Frank Verboven -- Tacit collusion (1) : interfirm rivalry in a repeated game : an empirical test of tacit collusion / Margaret E. Slade -- Tacit collusion (2) : collusive equilibrium in the great salt duopoly / Ray Rees -- Collusion and predation : on the detection of collusion and predation / Louis Phlips -- Vertical restraints : vertical restraints in European competition policy / J.A. Kay -- Franchising agreements : economic assessment of competition law provisions applicable to franchising / OECD -- Joint R & D ventures : cooperative and non-cooperative R & D in duopoly with spillovers / C. d'Aspremont and A. Jacquemin -- Unprofitable exogenous mergers : losses from horizontal merger : the effects of an exogenous change in industry structure on Cournot-Nash equilibrium / S.W. Salant, S. Switzer and R.J. Reynolds -- Profitable horizontal mergers and welfare : horizontal mergers : an equilibrium analysis / Joseph Farrell and Carl Shapiro -- Using the Herfindahl-Hirschman index : horizontal mergers : comment / Gregory J. Werden -- Cournot and merger control : horizontal mergers : reply / Joseph Farrell and Carl Shapiro -- Vertical mergers : vertical mergers in multi-product industries and Edgeworth's paradox of taxation / Michael A. Salinger -- Enforcement of the US merger guidelines : empirical evidence of FTC enforcement of the merger guidelines / Malcolm B. Coate and Fred S. McChesney -- Enforcement of the European merger regulation : the merger decisions of the European Commission / Damien Neven, Robin Nuttall and Paul Seabright. | ||
| 650 | 0 | _aIndustrial organization (Economic theory) | |
| 700 | 1 | _aPhlips, Louis. | |
| 942 | _cBK | ||